000 00254nam a2200109Ia 4500
005 20251222141859.0
008 251222s9999||||xx |||||||||||||| ||spa||
082 _a985.26/M95
245 0 _aComas Historia:
264 _bMunicipalidad de Comas
942 _cLIB
999 _c8010
_d8010